| 000 | 00759cam a22002533a 4500 | ||
|---|---|---|---|
| 001 | 25934 | ||
| 003 | PGUSA | ||
| 005 | 20140828083546.0 | ||
| 008 | 080630s2008||||xxu|||||s|||||000 | eng d | ||
| 040 |
_aPGUSA _beng |
||
| 042 | _adc | ||
| 050 | 4 | _aDP | |
| 050 | 4 | _aDT | |
| 100 | 1 |
_aTesta, Carlos, _d1823-1891 |
|
| 245 | 1 | 0 |
_aPortugal e Marrocos perante a historia e a politica europea _h[electronic resource] / _cCarlos Testa |
| 260 |
_bProject Gutenberg, _c2008 |
||
| 506 | _aPublic domain in the USA. | ||
| 516 | _aElectronic text | ||
| 653 | _aMorocco -- Foreign relations -- Portugal | ||
| 653 | _aPortugal -- Foreign relations -- Morocco | ||
| 830 | 0 |
_aProject Gutenberg _v25934 |
|
| 856 | 4 | 0 | _uhttp://www.gutenberg.org/ebooks/25934 |
| 942 | _cEB | ||
| 999 |
_c255189 _d255189 |
||